000 00308nam a22001337a 4500
008 171020b xxu||||| |||| 00| 0 eng d
020 _a9780314730985
041 _aeng
080 _23 E3D
_a338
100 _a54
101 _aMEN
245 _aSYSTEMS ANLYSIS AND DESIGN
_cWETHERBE.J.C
942 _2udc
_cBK
999 _c35185
_d35185